| 000 | 00438nam a2200181Ia 4500 | ||
|---|---|---|---|
| 001 | 20556 | ||
| 005 | 20260306172814.0 | ||
| 008 | 260306t2021||||xx |||||||||||||| ||spa|| | ||
| 041 | _aESP | ||
| 082 |
_a343.4 _bG24 |
||
| 100 |
_aGarcía Toma, Víctor _eAUT |
||
| 245 | 0 | _aLos derechos fundamentales en el Perú | |
| 260 | _c2021 | ||
| 300 |
_a1134 páginas : _c25 cm. |
||
| 650 | _aGEN | ||
| 654 | _aCDE | ||
| 942 |
_cLIB _dJUS _fJUS _2ddc _n |
||
| 999 |
_c20556 _d20556 |
||